000 00605nam a22002537a 4500
003 UA-OsUOA
001 23234
007 ta
008 20040115b un ||||| |||| 00| 0 ukr d
100 _aКолесников И.
090 _a244
_bК60
942 _cBK
040 _aUA-OsUOA
_brus
_cUA-OsUOA
_dUA-OsUOA
245 _aЖивое прошлое
300 _a53 с.
_bІлюстрації
955 _a4
041 _arus
080 _a244
260 _aМонреал
_c1976
246 3 1 _aЧ. 2
_n
044 _aCA
650 7 _a2 Релігія. Теологія.
_2UDC
999 _c309478
_d309478